01478nam a2200325 a 4500001001200000003000800012006001900020007001500039008004100054020001800095020002700113040002100140035002100161050003000182082001500212100001700227245008300244260004700327300002600374500002000400505029300420533015200713630004700865650003400912650001700946655002900963710001700992856012601009999001701135ebr10682386CaPaEBRm u cr cn|||||||||130412s2013 njua s 001 0 eng d z9781118521687 z9781118591871 (e-book) aCaPaEBRcCaPaEBR a(OCoLC)84116955014aTK5105.875.I6bW58 2013eb04a658.112221 aWithee, Ken.10aMicrosoft SharePoint 2013 for dummiesh[electronic resource] /cby Ken Withee. aHoboken, N.J. :bJohn Wiley & Sons,c2013. axviii, 366 p. :bill. aIncludes index.0 apt. 1. Getting Started with SharePoint 2013 -- pt. 2. Diving headfirst into SharePoint 2013 -- pt. 3. Becoming a SharePoint Administrator -- pt. 4. Getting social and going mobile -- pt. 5. Managing enterprise content -- pt. 6. Office 365 and SharePoint online -- pt. 7. The part of tens. aElectronic reproduction.bPalo Alto, Calif. :cebrary,d2013.nAvailable via World Wide Web.nAccess may be limited to ebrary affiliated libraries.00aMicrosoft SharePoint (Electronic resource) 0aIntranets (Computer networks) 0aWeb servers. 7aElectronic books.2local2 aebrary, Inc.40uhttp://site.ebrary.com/lib/rucke/Doc?id=10682386zAn electronic book accessible through the World Wide Web; click to view c32180d32180